000 00721nam a2200205 a 4500
003 0
005 20250609105731.0
008 021121s19uu xx 00 eng d
050 _aPGS LB 1028.43
_b.V713 2000
100 _aVillafuerte, Mariano Jose D.
245 _aCensorship of internet at school /
_cMariano Jose D. Villafuerte.
260 _aLas PiƱas City, Philippines :
_bSouthville International School,
_c2000.
300 _a28 pages :
_bcolored illustrations ;
_c28 cm.
504 _aIncludes bibliographic references.
650 _aInternet
_vCensorship.
650 _aInternet access in schools.
650 _aFreedom of information.
650 _aEducational technology
_vRegulation.
942 _2lcc
_cPASS
999 _c96327
_d96327